Il meglio che possa capitare a una brioche /

সংরক্ষণ করুন:
গ্রন্থ-পঞ্জীর বিবরন
প্রধান লেখক: Tusset, Pablo (লেখক)
অন্যান্য লেখক: Gibilisco, Tiziana
বিন্যাস: গ্রন্থ
ভাষা:ইতালিয়
প্রকাশিত: Milano : Feltrinelli, 2004
মালা:Universale economica ; 1779
ট্যাগগুলো: ট্যাগ যুক্ত করুন
কোনো ট্যাগ নেই, প্রথমজন হিসাবে ট্যাগ করুন!

MARC

LEADER 00000nam a2200000 i 4500
001 IT\ICCU\CAG\0654951
003 ItRI
005 20260115231859.0
008 040311s2004 it |||||| ||||| |||||c
015 |2 IT  |a 2004-6808 
020 |a 8807817799 
020 |a 9788807817793 (5. ed. 2007) 
040 |b ita  |c importazione bologna sebina 
041 7 |a ita  |2 ISO-639-2 
082 |a 863.7  |9 NARRATIVA SPAGNOLA, 2000-  |2 21 
100 1 |a Tusset, Pablo  |0 IT\ICCU\UBOV\633755  |4 aut 
240 1 3 |a Lo mejor que le puede pasar a un cruasán.  |3 IT\ICCU\CFI\0584116  |9 Tusset, Pablo 
245 1 3 |a Il meglio che possa capitare a una brioche /  |c Pablo Tusset ; traduzione di Tiziana Gibilisco. 
260 |a Milano :  |b Feltrinelli,  |c 2004 
300 |a 310 p. ;  |c 20 cm. 
700 1 |a Gibilisco, Tiziana  |0 IT\ICCU\UBOV\633756 
830 0 |a Universale economica ;  |v 1779  |0 IT\ICCU\CFI\0001103 
942 |2 ddc  |c BK  |n 0 
952 |0 0  |1 0  |4 0  |6 DOC_863_700000000000000_TUS  |7 0  |9 15129  |a BO  |b BO  |d 2026-01-15  |i 15120  |l 0  |o DOC 863.7 TUS  |p BO15120  |r 2026-01-15 23:18:59  |w 2026-01-15  |x [Sebina 5] [1 v.]  |y BK  |z 1 v. (rist. 2005) 
999 |c 13018  |d 13018